Quem dá asas às palavras (Registo nº 32257)
[ vista simples ]
| 000 -Etiqueta do registo | |
|---|---|
| Valores | 00869nam a2200265 4500 |
| 010 ## - Número ISBN | |
| ISBN | 9789899880368 |
| 021 ## - Número do Depósito Legal | |
| -- | PT |
| Número | 412589/16 |
| 090 ## - | |
| -- | 32257 |
| 100 ## - Dados gerais de processamento | |
| Dados gerais | 20170109d2016 c y0pory50030103ba |
| 101 0# - Língua de publicação | |
| -- | por |
| 102 ## - País de publicação | |
| -- | PT |
| 200 1# - Titulo e menção de responsabilidade | |
| Título próprio | Quem dá asas às palavras |
| Primeira menção de responsabilidade | Luísa Ducla Soares |
| Outras menções de responsabilidade | il. João Vaz de Carvalho |
| -- | texto, pref. José Jorge Letria |
| 205 ## - Menção da edição | |
| Edição | 1ª ed |
| 210 ## - Publicação | |
| Local de publicação | Sesimbra |
| Nome do editor | Oficina Canto das Cores, |
| Data de publicação | 2016 |
| 215 ## - Descrição física | |
| Paginação / Volumes | 38, [2] p. |
| Outras indicações físicas | il. |
| Dimensões | 27 cm |
| Material acompanhante | 1 CD audio |
| 225 2# - Colecção | |
| Título próprio da colecção | Quem é? |
| 606 ## - Nome comum usado como assunto | |
| Palavra de ordem | Literatura infantil |
| ID Autoridade | 185 |
| 675 ## - CDU | |
| Notação | 8:087.5 |
| -- | 69 |
| 700 #1 - Autor principal (pessoa individual) | |
| Apelido | Soares, |
| Nome | Luísa Ducla, |
| Datas | 1939- |
| ID Autoridade | 2431 |
| 702 #1 - Autor secundário (pessoa individual) | |
| Apelido | Carvalho, |
| Nome | João Vaz de, |
| Datas | 1958- |
| -- | 440 |
| 702 #1 - Autor secundário (pessoa individual) | |
| Apelido | Letria, |
| Nome | José Jorge, |
| Datas | 1951- |
| -- | 080 |
| 801 #0 - Fonte de origem | |
| País | PT |
| Agência | BN |
| Regras de catalogação | RPC |
| 856 41 - Localização e acesso electrónico | |
| URL | <a href="http://rnod.bn.pt/ImagesBN/winlibimg.aspx?skey=&doc=1952826&img=88376&save=true">http://rnod.bn.pt/ImagesBN/winlibimg.aspx?skey=&doc=1952826&img=88376&save=true</a> |
| 990 ## - Elementos KOHA | |
| Tipo de documento | Livro |
| Situação do levantamento | Estado | Biblioteca de origem | Biblioteca de empréstimo | Código de barras | Cota | Permissão de empréstimo | Tipo de documento | Nota relativa ao exemplar | Forma de aquisição |
|---|---|---|---|---|---|---|---|---|---|
| Completo | Biblioteca Municipal de Viana Do Alentejo | Biblioteca Municipal de Viana Do Alentejo | 0031962 | 8 SOA | Disponível | Livro | 6-10 anos | ||
| Completo | Biblioteca Municipal de Viana Do Alentejo | Biblioteca Municipal de Viana Do Alentejo | 0031964 | 8 SOA | Disponível | Livro | 6-10 anos | ||
| Completo | Biblioteca Municipal de Viana Do Alentejo | Biblioteca Municipal de Viana Do Alentejo | 0033884 | 087.5 SOA | Disponível | Livro | |||
| Completo | Biblioteca Municipal de Viana Do Alentejo | Biblioteca Municipal de Viana Do Alentejo Pólo Aguiar | 0031963 | 8 SOA | Disponível | Livro | 6-10 anos | ||
| Completo | Biblioteca da Escola Básica de Aguiar | Biblioteca da Escola Básica de Aguiar | 709 BA | 087.5 SOA | Disponível | Livro | |||
| Completo | Biblioteca da Escola Básica e Secundária Dr Isidoro de Sousa | Biblioteca da Escola Básica e Secundária Dr Isidoro de Sousa | 7618 | 087.5 SOA | Disponível | Livro | |||
| Completo | Biblioteca da Escola Básica e Secundária Dr Isidoro de Sousa | Biblioteca da Escola Básica e Secundária Dr Isidoro de Sousa | 7583 | 087.5 SOA | Disponível | Livro | |||
| Completo | Biblioteca do Centro Escolar de Viana do Alentejo | Biblioteca do Centro Escolar de Viana do Alentejo | 2131 BV | 087.5 SOA | Disponível | Livro |